The testimony of God : to those rulers, teachers, and people of this present age ... wherein Gods controversie with them is plainly demonstrated /

Bibliographic Details
Main Author: Fox, George, d. 1661
Format: eBook
Language:English
Published: London : Printed for Thomas Simmons, 1660.
Series:Early English books online.
Subjects:
Online Access:Connect to the full text of this electronic book

MARC

Tag First Indicator Second Indicator Subfields
LEADER 00000nam a2200000Ia 4500
001 in00004242002
005 20200807091700.0
006 m g d
007 cr bn |||a|bb|
008 840123s1660 enk o 00| | eng d
035 |a (OCoLC)10329767 
040 |a UMI  |c UMI  |d WaOLN 
037 |a CL0037000047  |b ProQuest Information and Learning. 300 N. Zeeb Rd., Ann Arbor, MI 48106 
049 |a UMIA 
090 |a BX7732  |b .F69 
100 1 |a Fox, George,  |d d. 1661. 
245 1 4 |a The testimony of God :  |b to those rulers, teachers, and people of this present age ... wherein Gods controversie with them is plainly demonstrated /  |c opened and given by the spirit of truth, which is made mainfest in that earthen vessel which is called George Fox the younger. 
260 |a London :  |b Printed for Thomas Simmons,  |c 1660. 
300 |a 1 online resource (8 pages) 
336 |a text  |b txt  |2 rdacontent 
337 |a computer  |b c  |2 rdamedia 
338 |a online resource  |b cr  |2 rdacarrier 
500 |a Reproduction of original in the Harvard University Library. 
510 4 |a Wing  |c F2010. 
533 |a Electronic reproduction.  |b Ann Arbor, Mich. :  |c UMI,  |d 1999-  |f (Early English books online)  |n Digital version of: (Early English books, 1641-1700 ; 1384:39)  |7 s1999 miun s 
650 0 |a Society of Friends  |v Apologetic works. 
830 0 |a Early English books online. 
856 4 0 |u http://proxy.library.tamu.edu/login?url=https://search.proquest.com/docview/2240951588  |z Connect to the full text of this electronic book  |t 0 
999 f f |s 37da334c-617f-3818-b711-9a99863aae2f  |i 446190a9-5388-3ae3-a519-0f1c85a0c893  |t 0 
952 f f |a Texas A&M University  |b College Station  |c Electronic Resources  |d Available Online  |t 0  |e BX7732 .F69  |h Library of Congress classification 
998 f f |a BX7732 .F69  |t 0  |l Available Online